00406 2200157 4500245005200000020002200052250001100074100002200085650001700107005001900124260004500143041001400188084000800202300002900210336000900239 aCintaku Taman Surga-MucRevika RachmaniarhText a978-979-18880-4-2 aCet. 1 aRevika Rachmaniar aNovel Islami a20230116080308 aBandungbSinergi Pustaka Indonesiac2009 aIndonesia a813 avi, 442 hlm. :c17.5 cm. atext